Graffiti - problém nás všetkých? 1. medzinárodná konferencia : Bratislava, 19. mája 2004 : Košice, 20. mája 2004 Slovenská republika

Podrobná bibliografia
Korporatívny autor: Graffiti - problém nás všetkých? Bratislava, Slovensko
Médium: Konferenčný príspevok Kniha
Jazyk:slovenčina
Fyzický popis:27 s. ilustr. 30 cm
Vydavateľské údaje: Bratislava Národný Trust Slovenska [2004]
Vydanie:[1. vyd.]
Predmet:

MARC

LEADER 00000nam a2200000 a 4500
001 vtls001520820
003 SK-MaSNL
005 20260301074411.0
008 210701s2004 xo a f 100 0 slo
015 |a SNBA2005/05-01884 
020 |q (brož.) 
035 |a 553A5817-8946-4548-9FFB-CDCDF7BA226A 
035 |a urn:nbn:sk:snk-am3iq1p 
035 |a DDA7BEC6-C41A-4F23-BCE2-79261C01C65D 
035 |a urn:nbn:sk:snk-am00fbvr 
035 |a urn:nbn:sk:snk-amybg3 
035 |a urn:nbn:sk:snk-am00c8jf 
040 |a SNK  |b slo  |c SNK  |e AACR2 
041 0 |a slo 
044 |a xo  |c SK 
072 7 |a 72/76  |x Výtvarné umenie  |2 konspekt 
080 |a 159.954  |2 MDT-MRF 
080 |a 342.537.3/.5  |2 MDT-MRF 
080 |a (063)  |2 MDT-MRF 
080 |a 003.69  |2 MDT-MRF 
080 |a 72/76  |2 MDT-MRF 
111 2 |a Graffiti - problém nás všetkých?  |n (1 :  |d 2004 :  |c Bratislava, Slovensko )  |9 396937 
245 1 0 |a Graffiti - problém nás všetkých?  |b 1. medzinárodná konferencia : Bratislava, 19. mája 2004 : Košice, 20. mája 2004 Slovenská republika 
250 |a [1. vyd.] 
260 |a Bratislava  |b Národný Trust Slovenska  |c [2004] 
300 |a 27 s.  |b ilustr.  |c 30 cm 
500 |a Názov z obalu 
650 0 7 |a grafity  |2 SNKPH  |9 30477 
650 0 7 |a výtvarné umenie  |2 SNKPH  |9 723 
650 0 7 |a kreativita  |2 SNKPH  |9 4339 
650 0 7 |a vandalizmus  |2 SNKPH  |9 396938 
650 0 7 |a zákonodarstvo  |2 SNKPH  |9 1153 
655 7 |a zborníky konferencií  |2 SNKPH  |9 70153 
958 |a OND 
958 |a ART 
968 |d 0 
999 |c 647014  |d 648944 
952 |a SNK  |b SNK  |y PREZ  |7 0  |p 17A0461323  |o snkSB 70197  |i snk2005/4436  |8 0  |0 0  |1 0  |4 0  |d 2005-03-22  |f 1  |l 0  |r 2025-04-25 00:00:00  |w 2026-02-23 
952 |a SNK  |b SNK  |y VYP  |7 0  |p 17A0485102  |o snkSB 70197 D1  |i snk2005/16306  |8 0  |0 0  |1 0  |4 0  |d 2005-10-03  |l 0  |r 2016-06-30 00:00:00  |w 2026-02-23